<?xml version="1.0" encoding="UTF-8"?>
<record
    xmlns:xsi="http://www.w3.org/2001/XMLSchema-instance"
    xsi:schemaLocation="http://www.loc.gov/MARC21/slim http://www.loc.gov/standards/marcxml/schema/MARC21slim.xsd"
    xmlns="http://www.loc.gov/MARC21/slim">

  <leader>01776nam0a2200349 i 4500</leader>
  <controlfield tag="001">RU\NLR\BIBL_A\010866799</controlfield>
  <controlfield tag="005">20260406152542.0</controlfield>
  <datafield tag="010" ind1=" " ind2=" ">
    <subfield code="a">9785389099128</subfield>
    <subfield code="9">3000</subfield>
  </datafield>
  <datafield tag="021" ind1=" " ind2=" ">
    <subfield code="a">RU</subfield>
    <subfield code="b">2015-73488</subfield>
    <subfield code="9">4418</subfield>
  </datafield>
  <datafield tag="035" ind1=" " ind2=" ">
    <subfield code="a">(NILC)RuMoRGB-008026419</subfield>
  </datafield>
  <datafield tag="035" ind1=" " ind2=" ">
    <subfield code="a">(NLR Aleph) 010866799</subfield>
  </datafield>
  <datafield tag="090" ind1=" " ind2=" ">
    <subfield code="a">10448448</subfield>
    <subfield code="c">10448448</subfield>
  </datafield>
  <datafield tag="100" ind1=" " ind2=" ">
    <subfield code="a">20151022d2015    u  y0rusy50      ca</subfield>
  </datafield>
  <datafield tag="101" ind1="1" ind2=" ">
    <subfield code="a">rus</subfield>
    <subfield code="c">eng</subfield>
  </datafield>
  <datafield tag="102" ind1=" " ind2=" ">
    <subfield code="a">RU</subfield>
  </datafield>
  <datafield tag="105" ind1=" " ind2=" ">
    <subfield code="a">y   z   000gy</subfield>
  </datafield>
  <datafield tag="200" ind1="1" ind2=" ">
    <subfield code="a">&#x411;&#x440;&#x435;&#x43C;&#x44F; &#x431;&#x435;&#x43B;&#x43E;&#x433;&#x43E; &#x447;&#x435;&#x43B;&#x43E;&#x432;&#x435;&#x43A;&#x430;</subfield>
    <subfield code="e">&#x441;&#x442;&#x438;&#x445;&#x43E;&#x442;&#x432;&#x43E;&#x440;&#x435;&#x43D;&#x438;&#x44F;</subfield>
    <subfield code="f">&#x420;&#x435;&#x434;&#x44C;&#x44F;&#x440;&#x434; &#x41A;&#x438;&#x43F;&#x43B;&#x438;&#x43D;&#x433;</subfield>
    <subfield code="g">[&#x43F;&#x435;&#x440;. &#x441; &#x430;&#x43D;&#x433;&#x43B;. &#x420;. &#x414;&#x443;&#x431;&#x440;&#x43E;&#x432;&#x43A;&#x438;&#x43D;&#x430; &#x438; &#x434;&#x440;.]</subfield>
  </datafield>
  <datafield tag="210" ind1=" " ind2=" ">
    <subfield code="a">&#x421;&#x430;&#x43D;&#x43A;&#x442;-&#x41F;&#x435;&#x442;&#x435;&#x440;&#x431;&#x443;&#x440;&#x433;</subfield>
    <subfield code="c">&#x410;&#x437;&#x431;&#x443;&#x43A;&#x430;</subfield>
    <subfield code="c">&#x410;&#x437;&#x431;&#x443;&#x43A;&#x430;-&#x410;&#x442;&#x442;&#x438;&#x43A;&#x443;&#x441;</subfield>
    <subfield code="d">2015</subfield>
  </datafield>
  <datafield tag="215" ind1=" " ind2=" ">
    <subfield code="a">334, [1] &#x441;.</subfield>
    <subfield code="d">18</subfield>
  </datafield>
  <datafield tag="225" ind1="1" ind2=" ">
    <subfield code="a">&#x410;&#x437;&#x431;&#x443;&#x43A;&#x430;-&#x43A;&#x43B;&#x430;&#x441;&#x441;&#x438;&#x43A;&#x430;</subfield>
  </datafield>
  <datafield tag="300" ind1=" " ind2=" ">
    <subfield code="a">&#x41D;&#x430; &#x43E;&#x431;&#x43B;. &#x430;&#x432;&#x442;.: &#x420;&#x435;&#x434;&#x44C;&#x44F;&#x440;&#x434; &#x41A;&#x438;&#x43F;&#x43B;&#x438;&#x43D;&#x433;, &#x43B;&#x430;&#x443;&#x440;&#x435;&#x430;&#x442; &#x41D;&#x43E;&#x431;&#x435;&#x43B;&#x435;&#x432;&#x441;&#x43A;&#x43E;&#x439; &#x43F;&#x440;&#x435;&#x43C;&#x438;&#x438;</subfield>
  </datafield>
  <datafield tag="327" ind1="1" ind2=" ">
    <subfield code="a">&#x421;&#x43E;&#x434;&#x435;&#x440;&#x436;.: &#x421;&#x442;&#x438;&#x445;&#x43E;&#x442;&#x432;&#x43E;&#x440;&#x435;&#x43D;&#x438;&#x44F;; &#x446;&#x438;&#x43A;&#x43B;&#x44B;: &#x412;&#x43E;&#x435;&#x43D;&#x43D;&#x44B;&#x435; &#x44D;&#x43F;&#x438;&#x442;&#x430;&#x444;&#x438;&#x438;, 1914-1918; &#x421;&#x442;&#x438;&#x445;&#x43E;&#x442;&#x432;&#x43E;&#x440;&#x43D;&#x44B;&#x435; &#x44D;&#x43F;&#x438;&#x433;&#x440;&#x430;&#x444;&#x438; &#x434;&#x43B;&#x44F; &#x43A;&#x43D;&#x438;&#x433;&#x438; &#x414;&#x436;&#x43E;&#x43D;&#x430; &#x41B;&#x43E;&#x43A;&#x432;&#x443;&#x434;&#x430; &#x41A;&#x438;&#x43F;&#x43B;&#x438;&#x43D;&#x433;&#x430; "&#x416;&#x438;&#x432;&#x43E;&#x442;&#x43D;&#x43E;&#x435; &#x438; &#x447;&#x435;&#x43B;&#x43E;&#x432;&#x435;&#x43A; &#x432; &#x418;&#x43D;&#x434;&#x438;&#x438;"; &#x41F;&#x430;&#x440;&#x430;&#x434;&#x43D;&#x44B;&#x435; &#x43C;&#x430;&#x440;&#x448;&#x438; &#x434;&#x43B;&#x44F; &#x436;&#x438;&#x432;&#x43E;&#x442;&#x43D;&#x44B;&#x445;, &#x43F;&#x440;&#x438;&#x43A;&#x43E;&#x43C;&#x430;&#x43D;&#x434;&#x438;&#x440;&#x43E;&#x432;&#x430;&#x43D;&#x43D;&#x44B;&#x445; &#x43A; &#x432;&#x43E;&#x435;&#x43D;&#x43D;&#x43E;&#x43C;&#x443; &#x432;&#x435;&#x434;&#x43E;&#x43C;&#x441;&#x442;&#x432;&#x443;; &#x41F;&#x435;&#x441;&#x43D;&#x438;, &#x43D;&#x430;&#x43F;&#x438;&#x441;&#x430;&#x43D;&#x43D;&#x44B;&#x435; &#x434;&#x43B;&#x44F; &#x43A;&#x43D;&#x438;&#x433;&#x438; &#x427;. &#x420;. &#x41B;. &#x424;&#x43B;&#x435;&#x442;&#x447;&#x435;&#x440;&#x430; "&#x418;&#x441;&#x442;&#x43E;&#x440;&#x438;&#x44F; &#x410;&#x43D;&#x433;&#x43B;&#x438;&#x438;", 1911</subfield>
  </datafield>
  <datafield tag="333" ind1=" " ind2=" ">
    <subfield code="a">16+</subfield>
  </datafield>
  <datafield tag="675" ind1=" " ind2=" ">
    <subfield code="a">821.111</subfield>
  </datafield>
  <datafield tag="686" ind1="1" ind2=" ">
    <subfield code="a">&#x428;6(4&#x412;&#x43B;)57-440.4{&#x41B;&#x445;1297-50}</subfield>
  </datafield>
  <datafield tag="700" ind1=" " ind2="1">
    <subfield code="8">rus</subfield>
    <subfield code="7">ca</subfield>
    <subfield code="a">&#x41A;&#x438;&#x43F;&#x43B;&#x438;&#x43D;&#x433;</subfield>
    <subfield code="b">&#x420;.</subfield>
    <subfield code="f">1865-1936</subfield>
    <subfield code="g">&#x420;&#x435;&#x434;&#x44C;&#x44F;&#x440;&#x434;</subfield>
    <subfield code="3">RU\NLR\AUTH\775969</subfield>
    <subfield code="9">115925</subfield>
  </datafield>
  <datafield tag="702" ind1=" " ind2="1">
    <subfield code="a">&#x414;&#x443;&#x431;&#x440;&#x43E;&#x432;&#x43A;&#x438;&#x43D;&#x430;</subfield>
    <subfield code="b">&#x420;.</subfield>
    <subfield code="4">730</subfield>
  </datafield>
  <datafield tag="801" ind1=" " ind2="0">
    <subfield code="a">RU</subfield>
    <subfield code="b">&#x420;&#x413;&#x411;</subfield>
    <subfield code="c">20150923</subfield>
    <subfield code="g">RCR</subfield>
  </datafield>
  <datafield tag="942" ind1=" " ind2=" ">
    <subfield code="c">BOOK</subfield>
  </datafield>
  <datafield tag="980" ind1=" " ind2=" ">
    <subfield code="a">NBR</subfield>
  </datafield>
</record>
